| 000 | 00581cam a22001811 4500 | ||
|---|---|---|---|
| 082 |
_a621.31921 _bKUY _cL-10, P-31 |
||
| 100 | 1 |
_aKu, I-chʻiao, _941457 |
|
| 245 | 1 | 0 |
_aTransient circuit analysis, _cby Y. H. Ku. |
| 260 |
_aPrinceton, N.J., _bVan Nostrand _c[1961] |
||
| 300 |
_axiv, 441 p. _billus. _c24cm. |
||
| 526 |
_a0 _b0 _c0 _d621_319210000000000_KUY |
||
| 650 | 0 |
_aElectromechanical analogies. _941458 |
|
| 650 | 0 |
_aMathematical physics. _98499 |
|
| 650 | 0 |
_aMCE _9379 |
|
| 650 | 0 |
_aTransients (Dynamics) _941459 |
|
| 650 | 0 |
_aTransients (Electricity) _939234 |
|
| 942 |
_2ddc _cBK |
||
| 999 |
_c545561 _d545561 |
||